|
|
|
|
| LEADER |
00000nam a22000007a 4500 |
| 005 |
20211007003710.0 |
| 007 |
cr|||| |||| |
| 008 |
211007s2021 co |||||s|||| 00||0 spa d |
| 020 |
|
|
|a 978-958-791-298-2
|
| 035 |
|
|
|a 35219
|
| 040 |
|
|
|a vLex
|
| 090 |
|
|
|c 12510
|d 12510
|
| 100 |
1 |
|
|a Guzmǹ Da̕z, Carlos Andrš
|
| 245 |
1 |
0 |
|a Polt̕ica criminal y libertad de expresin̤
|h [Recurso electrn̤ico] :
|b Anl̀isis a partir de la apologa̕ al terrorismo /
|c Carlos Andrš Guzmǹ Da̕z
|
| 256 |
|
|
|a Servicio en ln̕ea
|
| 260 |
|
|
|a Bogot:̀
|b Universidad de Los Andes (Colombia),
|c 2021
|
| 300 |
|
|
|a 1 recurso electrn̤ico
|
| 506 |
1 |
|
|a Disponible solo en los productos indicados
|d vLex Global
|d vLex Global (Academic Edition, excluding Law Schools)
|d vLex Global (U.S. Academic Edition, Law Schools)
|d vLex Global (U.S. Academic Edition, excluding Law Schools)
|d vLex Global (Academic Edition, Law Schools)
|
| 650 |
0 |
4 |
|a Derecho Penal
|z Colombia
|
| 650 |
0 |
4 |
|a Derecho Constitucional
|z Colombia
|
| 740 |
0 |
|
|a vLex Libros (Servicio en ln̕ea)
|
| 856 |
4 |
0 |
|u https://app.vlex.com/#/sources/35219
|z Acceso restringido
|
| 942 |
|
|
|c BOOK
|
| 999 |
0 |
|
|a Criminal Law
|
| 999 |
0 |
|
|a Constitutional Law
|